Mental disorder and criminal law / (Record no. 6951)
[ view plain ]
| 000 -LEADER | |
|---|---|
| fixed length control field | 00697nam a2200181 4500 |
| 005 - DATE AND TIME OF LATEST TRANSACTION | |
| control field | 20251216140115.0 |
| 008 - FIXED-LENGTH DATA ELEMENTS--GENERAL INFORMATION | |
| fixed length control field | 170705b xxu||||| |||| 00| 0 eng d |
| 022 ## - INTERNATIONAL STANDARD SERIAL NUMBER | |
| International Standard Serial Number | 0091-4169 |
| 082 ## - DEWEY DECIMAL CLASSIFICATION NUMBER | |
| Edition number | DPer 364.05 J826 Summer 2011 v. 101 n. 3 |
| 100 ## - MAIN ENTRY--PERSONAL NAME | |
| 9 (RLIN) | 21046 |
| Personal name | Morse, Stephen J. |
| 245 ## - TITLE STATEMENT | |
| Title | Mental disorder and criminal law / |
| Statement of responsibility, etc. | Stephen J. Morse. |
| 260 ## - PUBLICATION, DISTRIBUTION, ETC. (IMPRINT) | |
| Place of publication, distribution, etc. | Evanston ; |
| Name of publisher, distributor, etc. | Northwestern University Press , |
| Date of publication, distribution, etc. | Summer 2011. |
| 300 ## - PHYSICAL DESCRIPTION | |
| Extent | Volume 101, pages 855-968 : |
| Dimensions | 25 cm. |
| Other physical details | illustration ; |
| 500 ## - GENERAL NOTE | |
| General note | The Journal of Criminal Law and Criminology, vol. 101, no. 3, pages 885-968, Summer 2011. |
| 650 #0 - SUBJECT ADDED ENTRY--TOPICAL TERM | |
| 9 (RLIN) | 21047 |
| Topical term or geographic name as entry element | Mentally ill |
| General subdivision | Criminals |
| 700 ## - ADDED ENTRY--PERSONAL NAME | |
| Personal name | Morse, Stephen J. |
| 9 (RLIN) | 21046 |
| 942 ## - ADDED ENTRY ELEMENTS (KOHA) | |
| Source of classification or shelving scheme | Dewey Decimal Classification |
| Koha item type | Periodicals |
| Withdrawn status | Lost status | Source of classification or shelving scheme | Damaged status | Not for loan | Collection code | Home library | Current library | Date acquired | Total Checkouts | Full call number | Date last seen | Price effective from | Koha item type | Public note |
|---|---|---|---|---|---|---|---|---|---|---|---|---|---|---|
| Dewey Decimal Classification | Periodicals | UM Digos College - LIC | UM Digos College - LIC | 07/05/2017 | DPer 364.05 J826 Summer 2011 v. 101 n. 3 | 07/05/2017 | 07/05/2017 | Periodicals | Periodical article |
